Historia crítica de la teoría de la plusvalía
Saved in:
| Main Author: | |
|---|---|
| Format: | Book |
| Language: | Spanish |
| Published: |
Buenos Aires :
Brumario,
1974
|
| Subjects: |
| LEADER | 00512nam#a2200193#a#4500 | ||
|---|---|---|---|
| 001 | 003432 | ||
| 005 | 20160721142818.0 | ||
| 008 | 960919s1974####ag##################spa#d | ||
| 040 | |a AR-beUNQ | ||
| 099 | |a 05-M33 | ||
| 100 | 1 | |a Marx, Carlos | |
| 245 | 0 | 2 | |a Historia crítica de la teoría de la plusvalía |c Carlos Marx. |
| 260 | |a Buenos Aires : |b Brumario, |c 1974 | ||
| 300 | |a 413 p. : |b tablas | ||
| 650 | 7 | |a ECONOMIA |2 Spines | |
| 650 | 7 | |a DOCTRINA ECONOMICA |2 toit | |
| 929 | |j 18707 | ||
| 942 | |c LIB |n 0 | ||
| 999 | |c 6208 |d 81595 | ||